| 000 | 02504cas a2200685 i 4500 | ||
|---|---|---|---|
| 001 | 11407915 | ||
| 003 | EG-GICUC | ||
| 005 | 20260413150145.0 | ||
| 008 | 260413s19959999enkar go 0 0eng c | ||
| 015 |
_aGB9121390 _2bnb |
||
| 016 | 7 |
_a007234023 _2Uk |
|
| 022 | _a0965-1721 | ||
| 040 |
_aVLL _beng _cEG-GICUC _dEG-GICUC _erda |
||
| 043 | _aenk# | ||
| 082 |
_a341.762 _221 _bH A . Y |
||
| 092 | 0 | 4 | _221 |
| 099 | _aLaw1 11 341.762 H A . Y 1995 | ||
| 100 | 1 | 0 |
_aHandl, Gunther _eAuthor. |
| 245 | 1 | 0 |
_aYearbook of International Environmental Law (Vol. 5, 1994) / _cEdited by Gunther Handl. _nVolume 5 |
| 264 |
_aOxford : _bClarendon Press, _c1995. |
||
| 300 |
_avolumes ; _c27 cm _billustrations, |
||
| 310 | _aAnnual | ||
| 336 |
_atext _btxt _2rdacontent |
||
| 337 |
_aunmediated _bn _2rdamedia |
||
| 338 |
_avolume _bnc _2rdacarrier |
||
| 362 | 1 | _aBegan with v. 1 (1990). | |
| 500 | _aEditor-in-chief: 1990- Günther Handl. | ||
| 504 | _aBibliography: pages 200-250. | ||
| 588 | _aDescription based on: Vol. 2 (1991). | ||
| 588 | _aLatest issue consulted: Vol. 15 (2004). | ||
| 590 | _aSERBIB/SERLOC merged record | ||
| 650 | 0 |
_aEnvironmental law, International _vPeriodicals. _2qrmak |
|
| 650 | 0 |
_aEnvironmental law _vPeriodicals. _2qrmak |
|
| 650 | 6 |
_aEnvironnement _xDroit _vPériodiques. _2qrmak |
|
| 650 | 6 |
_aEnvironnement _xDroit international _vPériodiques. _2qrmak |
|
| 650 | 7 |
_aAnnuaires. _2eclas |
|
| 650 | 7 |
_aDroit de l'environnement. _2eclas |
|
| 650 | 7 |
_aDroit international. _2eclas |
|
| 650 | 7 |
_aEnvironmental law. _2fast _0(OCoLC)fst00913122 |
|
| 650 | 7 |
_aEnvironmental law, International. _2fast _0(OCoLC)fst00913170 |
|
| 650 | 1 | 7 |
_aInternationaal milieurecht. _2gtt |
| 650 | 7 |
_aEnvironmental law, International _vPeriodicals. _2nli |
|
| 651 | 1 | _2qrmak | |
| 655 | 0 | _aElectronic journals. | |
| 655 | 7 |
_ayearbooks. _2aat |
|
| 655 | 7 |
_aYearbooks. _2fast _0(OCoLC)fst01424368 |
|
| 655 | 7 |
_aPeriodicals. _2fast _0(OCoLC)fst01411641 |
|
| 655 | 7 |
_aYearbook. _2gtlm |
|
| 655 | 7 |
_aYearbooks. _2lcgft |
|
| 655 | 7 |
_aAnnuaires. _2rvmgf |
|
| 700 | 1 | _aHandl, Günther. | |
| 776 | 0 | 8 |
_iOnline version: _tYearbook of international environmental law _w(OCoLC)607583395 |
| 856 | 4 | 0 | _uhttps://fll.law.cu.edu.eg/fulltext/bks/B11-05888.pdf |
| 905 | _a15 | ||
| 906 |
_a7 _bcbc _cserials _d2 _encip _f19 _gn-oclcserc |
||
| 942 |
_2ddc _cBK _e21 _n0 |
||
| 999 |
_c70535 _d70535 |
||